000 01713nam a2200541 i 4500
001 3595
003 KOSZ 005
005 20200506100038.0
008 971113s1988 pl a |000 0 pol
015 _aUWD 1988/8355
020 _a8322502042
035 _a991003233459705066
035 _a(PL-WaBN)b10869244-48omnis_nlop
035 _ab10869244
035 _a(OCoLC)749682095
035 _a(PL)b0000001086924
035 _a(EXLNZ-48OMNIS_NETWORK)9910158496005606
040 _aWA N
_cWA N
_dKOSZ 005/AR
041 0 _apol
044 _apl
046 _k1988
080 _a728
080 _a635.9
100 1 _aMuszyński, Kazimierz
_eAutor
245 1 0 _aBalkony, loggie, tarasy /
_cKazimierz Muszyński.
260 _aWarszawa :
_b"Watra",
_c1988.
300 _a160 stron, [8] stron tablic :
_bilustracje ;
_c17 x 24 cm.
336 _aTekst
_btxt
_2rdacontent
337 _aBez urządzenia pośredniczącego
_bn
_2rdamedia
338 _aWolumin
_bnc
_2rdacarrier
380 _aKsiążki
388 _a1901-2000
388 _a1989-2000
504 _aBibliografia na stronie 157.
650 7 _aRośliny ozdobne
_2DBN
650 7 _aRośliny doniczkowe
_2DBN
650 7 _aUprawa roślin
650 7 _aUprawa w pojemnikach
_2DBN
650 7 _aBalkon
650 7 _aTaras
650 7 _aBudownictwo mieszkaniowe
650 7 _aBudownictwo jednorodzinne
658 _aDom i ogród
710 _4pbl
_aWydawnictwo Kultura Życia Codziennego Watra
856 _uhttp://koha.tu.koszalin.pl/cgi-bin/koha/opac-detail.pl?biblionumber=3595
_yKatalog online BPK
942 _2UKD
_cKS
999 _c3595
_d3595